Statistics for 10 Southernmost Countries in Europe including overseas territories

Click here to take the quiz!

General Stats

  • This quiz has been taken 155 times
    (102 since last reset)
  • The average score is 9 of 10

Answer Stats

LatitudeCountry% Correct
34°49'NGreece
98%
27°38'NSpain
98%
59°47'SUnited Kingdom
97%
50°01'SFrance
97%
30°03'NPortugal
97%
35°30'NItaly
97%
35°47'NMalta
93%
11°59'NNetherlands
83%
35°49'NTurkey
70%
59°46'SNorway
65%

Score Distribution

Percentile by Number Answered

Percent of People with Each Score

Your Score History

You have not taken this quiz since the last reset